000 00196 a2200097 4500
001 63339
090 _c37383
_d37383
100 _aGanesan,V
245 _aGas Turbines
260 _aND
_bTata McGraw-Hill
_c2004
942 _aNUST-CAE
999 _c298412
_d298412